000 00448nam a2200181Ia 4500
001 11671
005 20260306162845.0
008 260306t1993||||xx |||||||||||||| ||spa||
041 _aESP
082 _a986.602
_bF62
100 _aFlores y Caamaño, Alfredo
_eAUT
245 0 _aMejia en Cádiz:
_bprecursos y combatiente de la libertad
260 _c1993
300 _a
_c20 cm.
650 _aGEN
654 _aCHU
942 _cLIB
_dJUS
_fJUS
_2ddc
_n
999 _c11671
_d11671